| 000 | 01545nam a2200361 i 4500 | ||
|---|---|---|---|
| 003 | EG-ScBUE | ||
| 005 | 20240204103251.0 | ||
| 008 | 220731s2023 ua f 000 0 ara d | ||
| 017 | _a2023 / 7112 | ||
| 020 | _a9789770938379 | ||
| 040 |
_aEG-ScBUE _bara _erda _cEG-ScBUE _dEG-ScBUE |
||
| 041 | 1 |
_aara _heng |
|
| 082 | 0 | 4 |
_222 _a158.1 _bإ ل ر |
| 100 | 1 |
_aإلرود، هال، _eمؤلف. |
|
| 240 | 1 | 0 |
_aMiracle morning : the not-so-obvious secret guaranteed to transform your life before 8 A.M. _lArabic |
| 245 | 1 | 0 |
_aمعجزة الصباح : _bالعادات ال 6 لتغيير حياتك قبل ال 8 صباحا / _cهال إلرود ؛ ترجمة معن عاقل. |
| 246 | 3 |
_aمعجزة الصباح : _bالعادات الست لتغيير حياتك قبل الثامنة صباحا |
|
| 250 | _aالطبعة الأولى. | ||
| 264 | 1 |
_aالقاهرة : _bدار الشروق، _c2023. |
|
| 300 |
_a254 صفحة ؛ _c20 سم |
||
| 336 |
_2rdacontent _aنص _btxt |
||
| 337 |
_2rdamedia _aبدون وسيط _bn |
||
| 338 |
_2rdacarrier _aمجلد _bnc |
||
| 500 | _aالكتاب الأكثر مبيعا الذي أطلق ظاهرة عالمية. | ||
| 541 | _aBook Fair 2024. | ||
| 546 | _aالنص باللغة العربية وتم ترجمته من اللغة الإنجليزية. | ||
| 650 | 7 |
_2BUEsh _aالشخصية (علم نفس). |
|
| 650 | 7 |
_2BUEsh _aالحياة _xعلم نفس. |
|
| 653 |
_cFebruary2024 _bHHUUPPSS |
||
| 655 | _vReading book | ||
| 700 | 1 |
_aعاقل، معن، _eمترجم. |
|
| 942 | _2ddc | ||
| 999 |
_c30627 _d30598 |
||